000 00323nam a2200145 a 4500
005 20140414131934.0
008 100520s19uu xx 00 eng d
050 _aREF 574
_bB87 2000
100 _aBurnie, David
245 _aLife.
440 _aEyewitness books
650 _aLife
999 _c112374
_d112374